00857nam a2200217 i 450000100060000000300090000600500170001500700030003200800410003510000510007624501300012726000620025730000220031949000390034165000240038070000280040483000470043285200220047999900170050195201210051837653ES-MaACL20250807235617.0t|030221s1958 sp ||||1| spa d1 aBuytendijk, Frederik Jacobus Johannes.917192013aEl dolor b: fenomenología, psicología, metafísica / cF.J.J. Buytendijk ; traducción del alemán por Fernando Vela. aMadrid : bRevista de Occidente, c[1958] (fClavileño) a255 p. ; c18 cm.1 aBiblioteca conocimiento del hombre07aDolor2embne9119641 aVela, Fernando.911367410aBiblioteca conocimiento del hombre9181719 aES-MaACLjC-16179 c37653d37653 00104070aATENEOMbATENEOMcFICHd2008-01-17eSCl0oC-16179p1039636r2023-02-23 00:00:00w2023-02-23yMONOGRAFIA